[Event "Amagermesterskabet 2015"]
[Site "Sundbyoster"]
[Date "2015.09.29"]
[Round "6"]
[White "Haugaard, Thomas"]
[Black "Madsen, Michael Leerberg"]
[Result "1-0"]
[WhiteElo "1557"]
[BlackElo "1652"]
[PlyCount "118"]
[EventDate "2015.??.??"]

1. d4 Nf6 2. c4 c5 3. d5 b5 4. cxb5 a6 5. bxa6 g6 6. Nc3 Bg7 7. g3 d6 8. Bg2
Bxa6 9. Nf3 O-O 10. Qc2 Nbd7 11. Rb1 Ng4 12. O-O Ra7 13. Re1 Nde5 14. Nxe5 Nxe5
15. b3 f5 16. h3 Qc7 17. f4 Nd7 18. Bb2 Nf6 19. e4 fxe4 20. Nxe4 Bc8 21. Nxf6+
exf6 22. Ra1 Bf5 23. Qc4 Rfa8 24. a4 Rb8 25. Bc3 Qd7 26. g4 Bc2 27. Re6 Bxb3
28. Qe4 f5 29. Qe3 Bxc3 30. Qxc3 fxg4 31. hxg4 Rxa4 32. Rae1 Rd4 33. Qh3 Kf8
34. Re7 Qxe7 35. Rxe7 Kxe7 36. Qxh7+ Kf6 37. g5+ Kf5 38. Qf7+ Kg4 39. Qd7+ Kg3
40. Qh3+ Kxf4 41. Qh4+ Ke5 42. Qg3+ Rf4 43. Qc3+ Rd4 44. Qe3+ Kf5 45. Bh3+ Rg4+
46. Bxg4+ Kxg4 47. Qe6+ Kxg5 48. Qxd6 Rb5 49. Qe7+ Kf4 50. d6 Bd5 51. Qf6+ Ke3
52. d7 Rb1+ 53. Kh2 Rh1+ 54. Kg3 Rg1+ 55. Kh4 Rh1+ 56. Kg5 Rg1+ 57. Kh6 Rh1+
58. Kg7 Rb1 59. d8=Q Rb7+ 1-0

[Event "Amagermesterskabet 2015"]
[Site "Sundbyoster"]
[Date "2015.09.29"]
[Round "6"]
[White "Kibenich, Mikael"]
[Black "Dupont, Michael Kim"]
[Result "0-1"]
[WhiteElo "1461"]
[BlackElo "1215"]
[PlyCount "44"]
[EventDate "2015.??.??"]

1. d4 d5 2. c4 e6 3. Nf3 c5 4. Nc3 Nf6 5. Bg5 Be7 6. dxc5 Bxc5 7. e3 O-O 8. a3
a5 9. cxd5 exd5 10. Nxd5 Qxd5 11. Qc2 Bf5 12. Bc4 Bxc2 13. Bxd5 Bxe3 14. Bxf7+
Rxf7 15. Bxe3 Nbd7 16. Rc1 Ba4 17. O-O Rff8 18. Rc7 b6 19. Rfc1 Nd5 20. R7c4
Nxe3 21. Rxa4 Nc5 22. Rd4 Nb3 0-1

[Event "Amagermesterskabet 2015"]
[Site "Sundbyoster"]
[Date "2015.09.29"]
[Round "6"]
[White "Haagen Larsen, Hans"]
[Black "Skovgaard, Ib"]
[Result "1/2-1/2"]
[WhiteElo "1606"]
[BlackElo "1978"]
[PlyCount "96"]
[EventDate "2015.??.??"]

1. d4 d5 2. Bf4 c6 3. c3 Nf6 4. e3 h5 5. h3 Nbd7 6. Nf3 Ne4 7. Be2 Ndf6 8. Ne5
g5 9. Bh2 Be6 10. f3 Nd6 11. Qb3 Qc8 12. Nd2 Nf5 13. Nf1 Bg7 14. O-O-O g4 15.
Bf4 Nh4 16. hxg4 Nxg2 17. g5 Nxf4 18. exf4 Nd7 19. Ne3 Nxe5 20. fxe5 f6 21. f4
fxg5 22. Bxh5+ Rxh5 23. Rxh5 gxf4 24. Rh7 Bf8 25. Ng2 Bf5 26. Rh8 f3 27. Ne3
Bg6 28. Rf1 Be4 29. Rg1 Kf7 30. Rgg8 Bh6 31. Rxc8 Bxe3+ 32. Kd1 Rxc8 33. Rxc8
f2 34. Ke2 Bd3+ 35. Kxd3 f1=Q+ 36. Kxe3 Qh3+ 37. Kd2 Qxc8 38. Qd1 Qf5 39. Qh1
Qf2+ 40. Kc1 Qf4+ 41. Kc2 b5 42. a3 a5 43. Qh7+ Ke6 44. Qg8+ Kd7 45. Qa8 Qf2+
46. Kb3 a4+ 47. Ka2 Qc2 48. Qb7+ Kd8 1/2-1/2

[Event "Amagermesterskabet 2015"]
[Site "Sundbyoster"]
[Date "2015.09.29"]
[Round "6"]
[White "Larsen, Ulrik Jejlskov"]
[Black "Brorsen, Kristian"]
[Result "1-0"]
[WhiteElo "1531"]
[BlackElo "1189"]
[PlyCount "51"]
[EventDate "2015.??.??"]

1. d4 d5 2. e3 Nf6 3. Nd2 Nc6 4. c3 Bf5 5. Ngf3 Qd6 6. Qb3 b6 7. Bb5 g6 8. Ne5
Bd7 9. Qa4 Nb8 10. Nxd7 Nbxd7 11. Nf3 Bg7 12. Ne5 Rd8 13. Qxa7 O-O 14. f4 Ra8
15. Qb7 Rab8 16. Qc6 Nxe5 17. fxe5 Qxc6 18. Bxc6 Ne8 19. Bxd5 c5 20. Bd2 Nc7
21. Bf3 cxd4 22. exd4 f6 23. exf6 Rxf6 24. O-O Ne6 25. Rae1 Nf4 26. Bxf4 1-0

[Event "Amagermesterskabet 2015"]
[Site "Sundbyoster"]
[Date "2015.09.29"]
[Round "6"]
[White "Lontoft, Sven"]
[Black "Hansen, Benny"]
[Result "1-0"]
[WhiteElo "1619"]
[BlackElo "1317"]
[PlyCount "53"]
[EventDate "2015.??.??"]

1. e4 c5 2. Nf3 d6 3. d4 cxd4 4. Nxd4 Nf6 5. Nc3 a6 6. Be2 e6 7. O-O Be7 8. Be3
Bd7 9. f4 Nc6 10. Qd2 Nxd4 11. Bxd4 O-O 12. e5 Ne8 13. Rad1 Bc6 14. Qe3 Qd7 15.
Qg3 g6 16. Bd3 Ng7 17. Qh3 Nf5 18. Bxf5 exf5 19. exd6 Bxd6 20. Bf6 h5 21. Kh1
Qc7 22. Qh4 Kh7 23. Nd5 Bxd5 24. Rxd5 Rfe8 25. Bc3 Rad8 26. Qf6 Be7 27. Qg7#
1-0

[Event "Amagermesterskabet 2015"]
[Site "Sundbyoster"]
[Date "2015.09.29"]
[Round "6"]
[White "Lunding, Peter M"]
[Black "Nielsen, Angelo"]
[Result "1/2-1/2"]
[WhiteElo "1876"]
[BlackElo "1495"]
[PlyCount "59"]
[EventDate "2015.??.??"]

1. d4 Nf6 2. Nf3 g6 3. Bg5 Bg7 4. Nbd2 d6 5. c3 c6 6. e4 Bg4 7. Be2 Bxf3 8.
Bxf3 Nbd7 9. Qc2 Qa5 10. Bh4 O-O 11. O-O e5 12. Nc4 Qc7 13. dxe5 Nxe5 14. Nxe5
dxe5 15. Rad1 Rad8 16. Be2 Rxd1 17. Rxd1 Rd8 18. f3 Rd6 19. Bf2 b6 20. a4 Qd7
21. Rxd6 Qxd6 22. Qd3 Qxd3 23. Bxd3 Bh6 24. Kf1 Bc1 25. b3 Bd2 26. Be1 Bxe1 27.
Kxe1 Kf8 28. Kd2 Ke7 29. Bc2 Ne8 30. b4 1/2-1/2

[Event "Amagermesterskabet 2015"]
[Site "Sundbyoster"]
[Date "2015.09.29"]
[Round "6"]
[White "Moller, Arne Vagn"]
[Black "Petersen, Nils"]
[Result "1-0"]
[WhiteElo "1738"]
[BlackElo "1906"]
[PlyCount "49"]
[EventDate "2015.??.??"]

1. e4 c5 2. Nf3 e6 3. d4 cxd4 4. Nxd4 Nc6 5. Nb3 Nf6 6. Nc3 Be7 7. Be2 O-O 8.
O-O d6 9. Be3 a6 10. f4 b5 11. a3 Bb7 12. Bf3 Qc7 13. Qe2 Rac8 14. Rad1 Rfd8
15. Qf2 Nd7 16. f5 Nce5 17. fxe6 fxe6 18. Nd4 Nf8 19. Bh5 Bf6 20. Qg3 Qe7 21.
Rxf6 Qxf6 22. Bg5 Rxc3 23. Qxc3 Ned7 24. Bxf6 Nxf6 25. Bf3 1-0

[Event "Amagermesterskabet 2015"]
[Site "Sundbyoster"]
[Date "2015.09.29"]
[Round "6"]
[White "Nielsen, Bjorn"]
[Black "Rasmussen, Hans Glavind"]
[Result "0-1"]
[WhiteElo "1105"]
[BlackElo "1471"]
[PlyCount "68"]
[EventDate "2015.??.??"]

1. e4 e6 2. Nf3 d5 3. e5 c5 4. Bb5+ Bd7 5. Bxd7+ Nxd7 6. d4 Ne7 7. O-O cxd4 8.
Qxd4 Ng6 9. Re1 Bc5 10. Qd1 O-O 11. c3 Qb6 12. Qe2 Rae8 13. Nbd2 f6 14. Nb3
fxe5 15. Nxc5 Qxc5 16. Qe3 Qa5 17. Qe2 e4 18. Nd4 Nc5 19. Be3 Nd3 20. Reb1 a6
21. Nxe6 Rxe6 22. b4 Qc7 23. g3 Nge5 24. Bd4 Nf3+ 25. Kg2 Nxd4 26. cxd4 Rxf2+
27. Qxf2 Nxf2 28. Kxf2 Qc2+ 29. Kg1 Rh6 30. Rc1 Qxh2+ 31. Kf1 Rf6+ 32. Ke1
Qxg3+ 33. Kd1 Qd3+ 34. Ke1 Rf1# 0-1

[Event "Amagermesterskabet 2015"]
[Site "Sundbyoster"]
[Date "2015.09.29"]
[Round "6"]
[White "Pedersen, Kim Michael"]
[Black "Frank Nielsen, Marie"]
[Result "0-1"]
[WhiteElo "1695"]
[BlackElo "1926"]
[PlyCount "80"]
[EventDate "2015.??.??"]

1. d4 Nf6 2. Nf3 g6 3. Bf4 Bg7 4. e3 d6 5. Nbd2 Nh5 6. Bg3 O-O 7. Be2 Nd7 8. c3
Nxg3 9. hxg3 e5 10. Qb3 Qe7 11. dxe5 Nxe5 12. O-O-O Be6 13. Qa3 Ng4 14. Rdf1
Rfb8 15. Nd4 Bc8 16. Rh4 Nf6 17. Bf3 c5 18. Ne2 g5 19. Ra4 a6 20. Nc4 g4 21.
Nb6 gxf3 22. gxf3 Ra7 23. g4 Be6 24. Nf4 Nd7 25. Nxe6 fxe6 26. Qb3 Nxb6 27.
Qxb6 Raa8 28. g5 Rf8 29. f4 d5 30. Qb3 b5 31. Ra3 Qf7 32. Qc2 Qg6 33. Qe2 d4
34. c4 b4 35. Ra5 Qf5 36. Rd1 Rfd8 37. Qd3 Qxd3 38. Rxd3 Rdc8 39. e4 Rc6 40. e5
Rf8 0-1

[Event "Amagermesterskabet 2015"]
[Site "Sundbyoster"]
[Date "2015.09.29"]
[Round "6"]
[White "Pedersen, Ole"]
[Black "Rasmussen, Erik Elmer"]
[Result "1-0"]
[WhiteElo "1439"]
[BlackElo "1066"]
[PlyCount "72"]
[EventDate "2015.??.??"]

1. Nf3 Nf6 2. g3 d5 3. Bg2 Bf5 4. O-O c5 5. d3 Nc6 6. Nbd2 Qd7 7. Re1 Bh3 8.
Bh1 h6 9. e4 d4 10. a4 e5 11. Nc4 Ng4 12. Bg2 Bxg2 13. Kxg2 Bd6 14. Nh4 Nf6 15.
Nxd6+ Qxd6 16. Nf5 Qf8 17. f4 O-O-O 18. Bd2 g6 19. Nh4 exf4 20. e5 fxg3 21.
exf6 gxh2 22. Qg4+ Rd7 23. Nf3 g5 24. Ne5 Nxe5 25. Rxe5 Qd6 26. Rae1 Qxf6 27.
Rxc5+ Kd8 28. Qg3 Qd6 29. Qxd6 Rxd6 30. Kxh2 Kd7 31. Rce5 Re6 32. R1e4 Ke7 33.
Rxe6+ fxe6 34. Rxd4 Rf8 35. Bb4+ Kf7 36. Bxf8 Kxf8 1-0

[Event "Amagermesterskabet 2015"]
[Site "Sundbyoster"]
[Date "2015.09.29"]
[Round "6"]
[White "Petersen, Christian Skibsted"]
[Black "Jensen, Jonbert"]
[Result "1/2-1/2"]
[WhiteElo "1728"]
[BlackElo "1363"]
[PlyCount "130"]
[EventDate "2015.??.??"]

1. d4 d5 2. c4 c6 3. Nc3 e6 4. Nf3 Be7 5. Bf4 Nf6 6. h3 Nbd7 7. e3 a6 8. Bd3
dxc4 9. Bxc4 Nb6 10. Bd3 Nbd5 11. Bh2 Bb4 12. Qb3 Qb6 13. Rc1 O-O 14. O-O Ba5
15. Qxb6 Bxb6 16. e4 Nb4 17. Bb1 a5 18. Na4 Ba7 19. Bc7 Bb8 20. Bb6 Nd7 21. a3
Na6 22. Bxa5 b5 23. Nb6 Nxb6 24. Bxb6 Bb7 25. g3 Ba7 26. Bxa7 Rxa7 27. Ne5 Nb8
28. Rfd1 Ba8 29. h4 Rc7 30. d5 Ra7 31. Nxc6 Nxc6 32. dxc6 Rc7 33. Rd6 g6 34.
Bd3 Rb8 35. b4 Kf8 36. Rc5 Ke8 37. Rxb5 Rbc8 38. a4 Bxc6 39. Ra5 Ke7 40. Rd4 e5
41. Rc4 f6 42. Rac5 Kd6 43. b5 Bb7 44. Rxc7 Rxc7 45. Rxc7 Kxc7 46. a5 Kb8 47.
a6 Ba8 48. b6 Bc6 49. f4 exf4 50. gxf4 Kc8 51. e5 f5 52. h5 Bd5 53. hxg6 hxg6
54. Bb5 Be4 55. Be8 Bd3 56. Bxg6 Bxa6 57. Bxf5+ Kb7 58. Bd7 Kxb6 59. e6 Kc7 60.
f5 Kd6 61. f6 Bc4 62. f7 Ke7 63. Kf2 Bd3 64. Ke3 Bg6 65. Be8 Bf5 1/2-1/2

[Event "Amagermesterskabet 2015"]
[Site "Sundbyoster"]
[Date "2015.09.29"]
[Round "6"]
[White "Sorensen, Johnny"]
[Black "Goschal, Theodor Bogdan"]
[Result "1/2-1/2"]
[WhiteElo "1318"]
[BlackElo "1095"]
[PlyCount "138"]
[EventDate "2015.??.??"]

1. d4 d5 2. c4 e6 3. Nc3 c6 4. Nf3 Nd7 5. Bf4 Ngf6 6. Bg5 h6 7. Bh4 Be7 8. Qc2
dxc4 9. e3 b5 10. a3 Nd5 11. Bxe7 Qxe7 12. Nxd5 cxd5 13. g3 O-O 14. Bg2 Nf6 15.
O-O Bb7 16. Nd2 a6 17. Rfe1 Rfc8 18. e4 dxe4 19. Nxe4 Nxe4 20. Bxe4 Bxe4 21.
Rxe4 f5 22. Re5 Qf6 23. Rae1 Rc6 24. d5 exd5 25. Rxf5 Qd6 26. Rfe5 d4 27. Qe4
Rac8 28. Rd5 Qf6 29. Rxd4 Rc5 30. Qe3 Kh8 31. Re2 c3 32. bxc3 Rxc3 33. Rd3 Rxd3
34. Qxd3 Qa1+ 35. Kg2 Qf6 36. Qd5 Qc6 37. Qxc6 Rxc6 38. Re3 Rc4 39. Kf3 a5 40.
Ke2 Kh7 41. Rb3 b4 42. Kd3 Rc1 43. axb4 axb4 44. Rxb4 Rh1 45. h4 h5 46. Ke3 g6
47. Rb6 Rg1 48. Kf4 Rf1 49. Kf3 Ra1 50. Kg2 Ra4 51. Kh1 Ra2 52. Kg2 Ra4 53. Rf6
Kg7 54. Rf4 Ra2 55. g4 hxg4 56. Rxg4 Kh6 57. Kg3 Kh5 58. Rg5+ Kh6 59. Re5 Ra3+
60. Re3 Ra1 61. Kg4 Rg1+ 62. Rg3 Ra1 63. f4 Ra5 64. Rf3 Rf5 65. Re3 Ra5 66. Re5
Ra1 67. Re3 Rf1 68. Rf3 Rg1+ 69. Rg3 Rf1 1/2-1/2

[Event "Amagermesterskabet 2015"]
[Site "Sundbyoster"]
[Date "2015.09.29"]
[Round "6"]
[White "Tolba, Henri"]
[Black "Sorensen, Ole"]
[Result "1/2-1/2"]
[WhiteElo "1633"]
[BlackElo "1612"]
[PlyCount "73"]
[EventDate "2015.??.??"]

1. e4 e6 2. d4 d5 3. exd5 exd5 4. c4 Nf6 5. Nc3 Be7 6. Nf3 Bg4 7. h3 Bh5 8. Qb3
Bxf3 9. gxf3 dxc4 10. Qxb7 Nbd7 11. Bxc4 Rb8 12. Qxa7 O-O 13. Be3 Nb6 14. Bb3
Bb4 15. Qa6 Re8 16. O-O-O Bxc3 17. bxc3 Qd6 18. Qd3 Qa3+ 19. Kc2 Nfd5 20. Bc1
Qa5 21. Rde1 Na4 22. Rxe8+ Rxe8 23. Bd2 Nab6 24. Re1 Rc8 25. Qe4 Nf6 26. Qe5
Qa8 27. Qe7 Qxf3 28. Qxf7+ Kh8 29. Qe6 Qxf2 30. Re2 Qh4 31. Qf5 h6 32. Qf3 Rf8
33. Qg2 Nfd5 34. Qg4 Qf6 35. Kb2 Qf1 36. Qg2 Qf6 37. Qe4 1/2-1/2

[Event "Amagermesterskabet 2015"]
[Site "Sundbyoster"]
[Date "2015.09.29"]
[Round "6"]
[White "Varming, Thomas"]
[Black "Hellegaard, Dennis"]
[Result "1/2-1/2"]
[WhiteElo "1853"]
[BlackElo "1859"]
[PlyCount "126"]
[EventDate "2015.??.??"]

1. d4 Nf6 2. c4 e6 3. Nc3 Bb4 4. a3 Bxc3+ 5. bxc3 b6 6. f3 d5 7. cxd5 exd5 8.
Bg5 Bb7 9. e3 O-O 10. Nh3 Nbd7 11. Bd3 Re8 12. Kf2 h6 13. Bf4 Nh5 14. Bg3 Qf6
15. Bc2 Nxg3 16. hxg3 Qe7 17. Qd3 Nf6 18. Rae1 c5 19. g4 c4 20. Qf5 Qd6 21. g5
Bc8 22. Qf4 Qxf4 23. exf4 Bxh3 24. gxf6 Bd7 25. fxg7 Kxg7 26. Re5 Rxe5 27. fxe5
Rh8 28. g4 b5 29. f4 Bxg4 30. f5 h5 31. Ke3 Kh6 32. Kf4 Rg8 33. Rb1 a6 34. a4
Rb8 35. axb5 Rxb5 36. Ra1 a5 37. Ba4 Rb2 38. Bd7 Rf2+ 39. Ke3 Rf3+ 40. Kd2 Bxf5
41. Bxf5 Rxf5 42. Rxa5 h4 43. Rxd5 h3 44. Rd6+ Kg5 45. Rd8 Kf4 46. Rh8 Kg4 47.
Ke3 Rf3+ 48. Ke4 Rxc3 49. d5 Kg3 50. Rg8+ Kf2 51. d6 h2 52. Rh8 Kg2 53. Kd4 Rg3
54. Kxc4 h1=Q 55. Rxh1 Kxh1 56. d7 Rg8 57. Kd5 Kg2 58. Kd6 Rg3 59. Ke7 Rd3 60.
d8=Q Rxd8 61. Kxd8 Kf3 62. Ke7 Kf4 63. Kxf7 Kxe5 1/2-1/2

[Event "Amagermesterskabet 2015"]
[Site "Sundbyoster"]
[Date "2015.10.20"]
[Round "7"]
[White "Andersen, Peter"]
[Black "Rasmussen, Erik Elmer"]
[Result "1-0"]
[WhiteElo "1471"]
[BlackElo "1066"]
[PlyCount "117"]
[EventDate "2015.??.??"]

1. d4 Nf6 2. c4 c5 3. d5 d6 4. Nc3 Bf5 5. Bg5 Nbd7 6. Nf3 h6 7. Bxf6 Nxf6 8. e3
e5 9. dxe6 fxe6 10. Bd3 Be7 11. O-O O-O 12. Bxf5 exf5 13. Qc2 Qd7 14. Rad1 Rae8
15. Rd2 a6 16. a4 Bd8 17. Rfd1 Bc7 18. b3 Ne4 19. Rd5 Qe6 20. Nd2 Nxf2 21. Kxf2
Qxe3+ 22. Kf1 Qf4+ 23. Nf3 g5 24. Qd2 Re3 25. Re1 Rfe8 26. Rxe3 Rxe3 27. Kg1
Ba5 28. Rd3 Bxc3 29. Rxc3 Rxc3 30. Qxc3 g4 31. Nh4 Kf7 32. Qc2 Kf6 33. g3 Qe3+
34. Kg2 Qe4+ 35. Qxe4 fxe4 36. Kf2 Ke5 37. Ke3 d5 38. cxd5 Kxd5 39. Nf5 c4 40.
bxc4+ Kxc4 41. Nd6+ Kb4 42. Nxb7 Kxa4 43. Kxe4 a5 44. Nxa5 Kxa5 45. Kf4 h5 46.
Kg5 Kb5 47. Kxh5 Kc6 48. Kxg4 Kd7 49. Kf5 Ke8 50. Kg6 Kf8 51. h4 Kg8 52. g4 Kh8
53. h5 Kg8 54. h6 Kh8 55. Kf6 Kh7 56. g5 Kg8 57. g6 Kh8 58. g7+ Kh7 59. Kf7 1-0

[Event "Amagermesterskabet 2015"]
[Site "Sundbyoster"]
[Date "2015.10.20"]
[Round "7"]
[White "Dupont, Michael Kim"]
[Black "Kjemtrup, Niels Moller"]
[Result "1/2-1/2"]
[WhiteElo "1215"]
[BlackElo "1286"]
[PlyCount "114"]
[EventDate "2015.??.??"]

1. e4 g6 2. d4 e5 3. dxe5 Bg7 4. Nf3 Nc6 5. Bg5 Nge7 6. Bf6 O-O 7. Be2 d6 8.
Bxg7 Kxg7 9. exd6 cxd6 10. Nc3 Ne5 11. Nd4 d5 12. f4 Nc4 13. b3 Ne3 14. Ne6+
fxe6 15. Qd4+ Rf6 16. Qxe3 d4 17. Qd2 Nc6 18. Rd1 Qa5 19. e5 Rf5 20. Na4 Qxd2+
21. Rxd2 Rxf4 22. g3 Re4 23. O-O Nxe5 24. Nc5 Re3 25. Nd3 b6 26. Nxe5 Rxe5 27.
Bg4 Ba6 28. Rfd1 Rd8 29. Rxd4 Rxd4 30. Rxd4 Re1+ 31. Kf2 Rf1+ 32. Ke3 Re1+ 33.
Kf2 Rf1+ 34. Ke3 e5 35. Rd7+ Rf7 36. Rxf7+ Kxf7 37. h4 Bb7 38. Bf3 Bxf3 39.
Kxf3 Kf6 40. Ke4 g5 41. c4 h5 42. b4 gxh4 43. gxh4 Ke6 44. a3 Kd6 45. a4 a6 46.
Kf5 a5 47. bxa5 bxa5 48. Ke4 Kc5 49. Kd3 Kb4 50. Ke4 Kxc4 51. Kxe5 Kb4 52. Kd4
Kb3 53. Kd5 Kxa4 54. Kc4 Ka3 55. Kc3 a4 56. Kc4 Kb2 57. Kb4 a3 1/2-1/2

[Event "Amagermesterskabet 2015"]
[Site "Sundbyoster"]
[Date "2015.10.20"]
[Round "7"]
[White "Goschal, Theodor Bogdan"]
[Black "Kibenich, Mikael"]
[Result "0-1"]
[WhiteElo "1095"]
[BlackElo "1461"]
[PlyCount "110"]
[EventDate "2015.??.??"]

1. e4 e6 2. d4 d5 3. e5 c5 4. c3 cxd4 5. cxd4 Nc6 6. Nf3 Qb6 7. Be2 Bb4+ 8. Nc3
Nge7 9. O-O O-O 10. a3 Bxc3 11. bxc3 Bd7 12. Bd2 Rac8 13. Rb1 Qc7 14. Qb3 Na5
15. Qb2 b6 16. c4 Nxc4 17. Bxc4 Qxc4 18. Bb4 Rfe8 19. Bd6 Nc6 20. Rfc1 Qd3 21.
Rd1 Qa6 22. Rdc1 Na5 23. Rxc8 Rxc8 24. Rc1 Nc4 25. Qb1 Qa5 26. Bb4 Nxa3 27.
Bxa3 Qxa3 28. Rxc8+ Bxc8 29. h3 Ba6 30. Qc2 Bc4 31. Nd2 Qa1+ 32. Kh2 Qxd4 33.
Nxc4 dxc4 34. f3 Qxe5+ 35. g3 b5 36. Qa2 Qc7 37. Qa6 c3 38. Qxb5 g6 39. Qb1 c2
40. Qc1 a5 41. Kg2 a4 42. Kf2 Qc3 43. Ke2 a3 44. g4 a2 45. Qd2 Qxd2+ 46. Kxd2
a1=Q 47. Kxc2 Qf1 48. Kc3 Qxf3+ 49. Kd4 Qd5+ 50. Ke3 e5 51. h4 Qd4+ 52. Kf3 e4+
53. Ke2 e3 54. h5 Qd2+ 55. Kf3 e2 0-1

[Event "Amagermesterskabet 2015"]
[Site "Sundbyoster"]
[Date "2015.10.20"]
[Round "7"]
[White "Hansen, Benny"]
[Black "Nielsen, Bjorn"]
[Result "1-0"]
[WhiteElo "1317"]
[BlackElo "1105"]
[PlyCount "69"]
[EventDate "2015.??.??"]

1. e4 e5 2. Nf3 Nc6 3. d3 Nf6 4. Nc3 Be7 5. Be3 O-O 6. Be2 d6 7. h3 Qe8 8. Nb5
Bd8 9. g4 h6 10. Qd2 g5 11. O-O-O Nh7 12. Rdg1 f6 13. h4 Ne7 14. d4 Ng6 15.
hxg5 Nxg5 16. Nxg5 fxg5 17. Rxh6 Qf7 18. b3 Nh4 19. Bc4 Kg7 20. Bxf7 Kxh6 21.
Bc4 Kg6 22. Rg3 a6 23. Nc3 Bf6 24. Nd5 b5 25. Be2 Bd8 26. dxe5 dxe5 27. Qc3 Re8
28. Nxc7 Bxc7 29. Qxc7 Be6 30. Qxe5 Bd7 31. Qxg5+ Kf7 32. Qxh4 Rh8 33. Rf3+ Kg7
34. Qg5+ Kh7 35. Rf7# 1-0

[Event "Amagermesterskabet 2015"]
[Site "Sundbyoster"]
[Date "2015.10.20"]
[Round "7"]
[White "Hellegaard, Dennis"]
[Black "Moller, Arne Vagn"]
[Result "1-0"]
[WhiteElo "1859"]
[BlackElo "1738"]
[PlyCount "106"]
[EventDate "2015.??.??"]

1. d4 Nf6 2. c4 e6 3. Nc3 Bb4 4. e3 O-O 5. Nge2 b6 6. a3 Bxc3+ 7. Nxc3 Bb7 8.
Qc2 d5 9. cxd5 exd5 10. b4 c6 11. Bd3 Re8 12. O-O Nbd7 13. Bb2 Nf8 14. a4 a5
15. b5 c5 16. dxc5 bxc5 17. Rfd1 Qb6 18. Rac1 Rac8 19. Ne2 Ng6 20. Bf5 Rc7 21.
Bxg6 hxg6 22. Nf4 g5 23. Nd3 Rec8 24. Qe2 c4 25. Ne5 c3 26. Ba3 Qe6 27. Nf3 Ne4
28. Nd4 Qg6 29. Qd3 Qf6 30. f3 Nc5 31. Qc2 Nd7 32. Nf5 Nb6 33. Nd6 Rb8 34. Rd3
Nc4 35. Nxc4 Rxc4 36. Rxc3 Rbc8 37. Bb2 Qe6 38. Qd2 g4 39. Rxc4 dxc4 40. Qd4 f6
41. fxg4 Qe7 42. Rxc4 Rd8 43. Qc3 Qe6 44. Rd4 Rxd4 45. Qxd4 Qb3 46. Qd2 Qxa4
47. g5 Qxb5 48. gxf6 gxf6 49. Qd8+ Kh7 50. Qe7+ Kh6 51. Qxf6+ Kh5 52. Qf7+ Kg5
53. Bf6+ Kf5 1-0

[Event "Amagermesterskabet 2015"]
[Site "Sundbyoster"]
[Date "2015.10.20"]
[Round "7"]
[White "Jensen, Jonbert"]
[Black "Tronning, Mark Philip"]
[Result "1/2-1/2"]
[WhiteElo "1363"]
[BlackElo "1456"]
[PlyCount "126"]
[EventDate "2015.??.??"]

1. e4 e5 2. Nf3 d6 3. d4 exd4 4. Nxd4 Bd7 5. Bb5 Bxb5 6. Nxb5 Be7 7. O-O Nf6 8.
Re1 O-O 9. Bf4 Nc6 10. N1c3 a6 11. Nd4 Nxd4 12. Qxd4 Nh5 13. Bd2 Bg5 14. Rad1
Bxd2 15. Qxd2 b5 16. e5 dxe5 17. Rxe5 Nf6 18. Qe2 Qc8 19. Nd5 Nxd5 20. Rexd5
Re8 21. Qf3 Qe6 22. h3 Qe2 23. Qxe2 Rxe2 24. Rd8+ Re8 25. R8d7 Rac8 26. Kf1 Kf8
27. R1d3 c5 28. Re3 Rxe3 29. fxe3 Rc6 30. Ke2 g6 31. Kf3 c4 32. c3 Kg7 33. e4
Re6 34. Ke3 g5 35. Rd5 Kg6 36. Kd4 f6 37. b3 cxb3 38. axb3 h5 39. c4 bxc4 40.
bxc4 h4 41. c5 Kf7 42. Rd7+ Re7 43. Rd6 Re6 44. Rb6 a5 45. Rb7+ Re7 46. c6 Ke6
47. Kc5 a4 48. Rb1 a3 49. Kb6 a2 50. Ra1 Kd6 51. Rd1+ Ke5 52. c7 Rxc7 53. Kxc7
Kxe4 54. Ra1 Kf4 55. Rxa2 f5 56. Rf2+ Kg3 57. Rxf5 Kxg2 58. Rxg5+ Kxh3 59. Ra5
Kh2 60. Ra2+ Kg3 61. Kd6 h3 62. Ke5 h2 63. Ra1 Kg2 1/2-1/2

[Event "Amagermesterskabet 2015"]
[Site "Sundbyoster"]
[Date "2015.10.20"]
[Round "7"]
[White "Lunding, Peter M"]
[Black "Pedersen, Ole"]
[Result "1-0"]
[WhiteElo "1876"]
[BlackElo "1439"]
[PlyCount "63"]
[EventDate "2015.??.??"]

1. e3 e6 2. c4 f5 3. Nc3 Nf6 4. Nf3 Bb4 5. a3 Bxc3 6. bxc3 O-O 7. d3 d6 8. Be2
e5 9. O-O a5 10. Qc2 Qe8 11. Ne1 Qg6 12. f3 Be6 13. e4 f4 14. d4 Bd7 15. c5 Kh8
16. Rb1 Bc8 17. Bd3 Nbd7 18. cxd6 cxd6 19. a4 Ne8 20. Bb5 Qf7 21. Nd3 Nc7 22.
Bxd7 Qxd7 23. dxe5 dxe5 24. Nxe5 Qd6 25. Nd3 Ne6 26. Rd1 Qc7 27. Ba3 Rd8 28.
Rd2 Ra6 29. Rbd1 Rc6 30. Nxf4 Rxd2 31. Qxd2 Qd8 32. Qxd8+ 1-0

[Event "Amagermesterskabet 2015"]
[Site "Sundbyoster"]
[Date "2015.10.20"]
[Round "7"]
[White "Madsen, Michael Leerberg"]
[Black "Kinch, Peder"]
[Result "1-0"]
[WhiteElo "1652"]
[BlackElo "1316"]
[PlyCount "45"]
[EventDate "2015.??.??"]

1. e4 e5 2. Nf3 Nc6 3. Bc4 Bc5 4. O-O Nf6 5. d3 d6 6. h3 Na5 7. Bb3 Nxb3 8.
axb3 a6 9. Nc3 Be6 10. Ng5 Bd7 11. Kh1 h6 12. Nf3 Qc8 13. Ng1 c6 14. Nce2 g5
15. Be3 Bxe3 16. fxe3 Ke7 17. Ng3 h5 18. Nf5+ Bxf5 19. Rxf5 g4 20. h4 Qe6 21.
Qd2 Rag8 22. Raf1 d5 23. Rxf6 1-0

[Event "Amagermesterskabet 2015"]
[Site "Sundbyoster"]
[Date "2015.10.20"]
[Round "7"]
[White "Mathiesen, Bjarne"]
[Black "Rasmussen, Hans Glavind"]
[Result "1/2-1/2"]
[WhiteElo "1517"]
[BlackElo "1471"]
[PlyCount "132"]
[EventDate "2015.??.??"]

1. e4 c5 2. Nf3 d6 3. Nc3 Nc6 4. d4 cxd4 5. Nxd4 Nf6 6. h3 e5 7. Nxc6 bxc6 8.
a3 Be6 9. Bd3 Be7 10. Be3 O-O 11. Ne2 d5 12. f3 d4 13. Bg5 c5 14. c4 Nh5 15.
Bxe7 Qxe7 16. Qd2 Qh4+ 17. Kd1 Rab8 18. Rb1 Rb3 19. Nc1 Rb7 20. b4 cxb4 21.
axb4 Nf4 22. b5 Rc8 23. Rg1 Nxd3 24. Nxd3 f6 25. c5 Bc4 26. Ke2 Rxc5 27. Rgc1
Bxd3+ 28. Qxd3 Rbc7 29. Rxc5 Rxc5 30. Qb3+ Kh8 31. Kf1 Qf4 32. Qa3 Rc8 33. Rd1
h6 34. Qb2 Qe3 35. Rd2 Rc3 36. Rc2 Rb3 37. Qa2 Qd3+ 38. Ke1 Qxb5 39. Kf2 a5 40.
h4 d3 41. Rc8+ Kh7 42. Kg3 Qb4 43. h5 d2 44. Rd8 f5 45. Rxd2 fxe4 46. Qc2 a4
47. Qc6 Qf8 48. Qxe4+ Kh8 49. Qxe5 Qb8 50. Qxb8+ Rxb8 51. Ra2 Ra8 52. Ra3 Kg8
53. Kf4 Kf7 54. g4 Ra5 55. Kg3 g6 56. hxg6+ Kxg6 57. Kf4 Kf7 58. Ke4 Ke6 59. f4
Kf6 60. Kd4 Ke6 61. Rh3 a3 62. Rxh6+ Kf7 63. Rh1 a2 64. Ra1 Ra4+ 65. Ke3 Ra5
66. Ke4 Kf6 1/2-1/2

[Event "Amagermesterskabet 2015"]
[Site "Sundbyoster"]
[Date "2015.10.20"]
[Round "7"]
[White "Nielsen, Angelo"]
[Black "Tolba, Henri"]
[Result "1/2-1/2"]
[WhiteElo "1495"]
[BlackElo "1633"]
[PlyCount "133"]
[EventDate "2015.??.??"]

1. d4 d5 2. Nf3 Nf6 3. Bf4 e6 4. e3 Nbd7 5. Nbd2 Be7 6. Bd3 O-O 7. c3 b6 8. h3
c5 9. Ne5 Nxe5 10. Bxe5 Bb7 11. a4 a5 12. g4 Nd7 13. Bg3 cxd4 14. exd4 Bh4 15.
O-O Bxg3 16. fxg3 e5 17. dxe5 Nxe5 18. Qc2 Nxd3 19. Qxd3 Ba6 20. c4 dxc4 21.
Qxd8 Raxd8 22. Rfd1 Rfe8 23. Ne4 f6 24. Nc3 Rd3 25. Kf2 Ree3 26. Rxd3 Rxd3 27.
Rd1 Rxd1 28. Nxd1 Kf7 29. Ke3 Ke6 30. Kd4 b5 31. axb5 Bxb5 32. Nc3 Bc6 33. Nd1
Bf3 34. Ne3 Be2 35. Nxc4 a4 36. Kc5 Bd1 37. Kb4 Bb3 38. Nb6 Ke5 39. Nxa4 Bc2
40. Nc3 Kd4 41. Ne2+ Ke3 42. Kc3 Be4 43. Nf4 g6 44. b4 Kf3 45. Kd4 Bb7 46. Nd5
f5 47. gxf5 gxf5 48. g4 f4 49. g5 Bxd5 50. Kxd5 Kg2 51. b5 f3 52. b6 f2 53. b7
f1=Q 54. b8=Q Qd3+ 55. Kc6 Qc4+ 56. Kd7 Qf7+ 57. Kc6 Qc4+ 58. Kd7 Qf7+ 59. Kc6
Qg6+ 60. Kd5 Qxg5+ 61. Qe5 Qd8+ 62. Ke4 Qa8+ 63. Kf4 Qf3+ 64. Kg5 Qxh3 65. Qe2+
Kh1 66. Qh5 Qxh5+ 67. Kxh5 1/2-1/2